| 000 | 00470nam a2200181Ia 4500 | ||
|---|---|---|---|
| 003 | GCL | ||
| 008 | 140319s9999 xx 000 0 eng d | ||
| 040 |
_aGCL / _cGCL |
||
| 082 | 0 | 4 |
_a618.92 _bG M |
| 100 | 1 | _aBODE, HANS HENNING | |
| 245 | 1 | 0 |
_aMCQS IN PAEDIATRICS / _cBODE, HANS HENNING |
| 700 | 1 | _aGAPTA, J.M. | |
| 700 | 1 | _aFRACP, JBEVERIDGE | |
| 260 |
_a[S.N] : _bCHAPMAN AND HALL MEDICAL ، _c1994 |
||
| 300 | _a246 P | ||
| 650 | 0 | 4 | _aPEDIATRICS |
| 942 |
_2ddc _cBK |
||
| 999 |
_c21374 _d21374 |
||